000 00621nam a2200217 a 4500
001 BRL_1146
005 20190320211045.0
008 151113s1928----gw-c######---#000-0#ger-#
041 _ager
044 _agw
050 4 _aHX914
_b.F54 1928
100 1 _aFigner, Wera
_d1852-1942
_925931
245 1 0 _aNacht über Russland
_bLebenserinnerungen
_cvon Wera Figner.
260 _aBerlín
_bMalik-verlag
_c1928
300 _a626 p.
_bil.
_c19 cm.
500 _aAu1327
500 _aEstado físico ; No tiene lomo y las primeras dos hojas estan desprendidas.
650 1 4 _aNihilismo
_925932
902 _aGRL
942 _2lcc
_cB
999 _c9958
_d9958